[Event "100 Jahre Schvgg Blankenese - Open 2023"]
[Site "Lise-Meitner-Gymnasium (HH)"]
[Date "2023.10.02"]
[Round "5.1"]
[White "Parvanyan, Alfred"]
[Black "Ertan, Can"]
[Result "0-1"]
[WhiteElo "2161"]
[BlackElo "2339"]
[PlyCount "84"]
[EventDate "2023.09.30"]
[EventType "swiss"]
[EventRounds "7"]
[WhiteTeam "SK Norderstedt von 1975"]
[BlackTeam "FC ST.Pauli 1910 eV SAbt"]

1. Nf3 Nf6 2. g3 d5 3. Bg2 c5 4. O-O e6 5. d3 Be7 6. Nbd2 Nc6 7. Ne1 e5 8. c4
Be6 9. Qa4 O-O 10. Nef3 Qd7 11. cxd5 Nxd5 12. Ne4 Bh3 13. Bxh3 Qxh3 14. Qb5 a6
15. Qxb7 Ndb4 16. Nxe5 Ra7 17. Qb6 Rb8 18. Qxc6 Nxc6 19. Nxc6 Rab7 20. Nxb8
Rxb8 21. Rb1 f5 22. Nc3 Bd6 23. Nd5 Qg4 24. Bf4 Bxf4 25. Nxf4 Rb4 26. h3 Qg5
27. e3 Qd8 28. h4 Qa5 29. a3 Rb5 30. Rfc1 g6 31. Rc2 Qb6 32. Rbc1 Rxb2 33. Rxc5
Ra2 34. Rc8+ Kg7 35. d4 Qb3 36. Nh3 Kh6 37. R8c7 Kh5 38. Kg2 Kh6 39. R1c6 Re2
40. Rc1 Qxe3 41. R1c4 f4 42. g4 Qg3+ 0-1

[Event "100 Jahre Schvgg Blankenese - Open 2023"]
[Site "Lise-Meitner-Gymnasium (HH)"]
[Date "2023.10.02"]
[Round "5.2"]
[White "Feuerstack, Aljoscha"]
[Black "Callsen, Niklas"]
[Result "1/2-1/2"]
[WhiteElo "2477"]
[BlackElo "2176"]
[PlyCount "126"]
[EventDate "2023.09.30"]
[EventType "swiss"]
[EventRounds "7"]
[WhiteTeam "FC ST.Pauli 1910 eV SAbt"]
[BlackTeam "SK Doppelbauer Kiel von 1910 e.V"]

1. e4 c5 2. Nf3 d6 3. d4 cxd4 4. Nxd4 Nf6 5. Nc3 a6 6. a4 g6 7. a5 Bg7 8. Be2
d5 9. exd5 Nxd5 10. O-O Nxc3 11. bxc3 O-O 12. Bf3 Qc7 13. Qe1 e5 14. Nb3 Be6
15. Qe3 Nd7 16. Rd1 Rac8 17. Ba3 Rfe8 18. Bd6 Qxc3 19. Bxb7 Qxe3 20. fxe3 Rxc2
21. Rab1 Bxb3 22. Rxb3 Nc5 23. Bxc5 Rxc5 24. Rd7 Rxa5 25. Bd5 Kh8 26. Bxf7 Rf8
27. Rbb7 Bh6 28. h4 Bxe3+ 29. Kh2 Rb5 30. Rxb5 axb5 31. Rb7 b4 32. h5 gxh5 33.
Bxh5 Bd2 34. Bf3 Rf4 35. Bd1 e4 36. Bc2 h5 37. Re7 e3 38. Kg3 Rf6 39. Bd1 Rb6
40. Bb3 Rf6 41. Bd1 Rf5 42. Bb3 Bc1 43. Re8+ Kg7 44. Rg8+ Kf6 45. Rf8+ Ke5 46.
Rxf5+ Kxf5 47. Kf3 Ke5 48. Bg8 Kd4 49. Bh7 Kc3 50. Ke2 b3 51. Kd1 Bd2 52. Bg6
b2 53. Bh7 Kb4 54. Bg6 Kb3 55. Bb1 Kc4 56. Ke2 Kd4 57. Bh7 Ba5 58. Bb1 Bb6 59.
Bh7 Ke5 60. Kf3 Kf6 61. Bb1 Kg5 62. Bc2 Kh4 63. Bb1 Ba7 1/2-1/2

[Event "100 Jahre Schvgg Blankenese - Open 2023"]
[Site "Lise-Meitner-Gymnasium (HH)"]
[Date "2023.10.02"]
[Round "5.3"]
[White "Schulze, Lara"]
[Black "Bracker, Arne"]
[Result "1-0"]
[WhiteElo "2284"]
[BlackElo "2280"]
[PlyCount "91"]
[EventDate "2023.09.30"]
[EventType "swiss"]
[EventRounds "7"]
[WhiteTeam "SAbt SV Werder Bremen"]
[BlackTeam "Hamburger SK von 1830 eV"]

1. e4 e5 2. Nc3 Nf6 3. Bc4 Nc6 4. d3 Bc5 5. f4 d6 6. Nf3 Bg4 7. h3 Bxf3 8. Qxf3
Nd4 9. Qd1 c6 10. Na4 b5 11. Nxc5 bxc4 12. Na4 Qa5+ 13. Nc3 cxd3 14. Qxd3 Qb6
15. b3 O-O 16. Na4 Qb5 17. c4 Qa6 18. O-O Rad8 19. Be3 c5 20. Nc3 Rfe8 21. Rad1
Qa5 22. Rf2 Nd7 23. f5 f6 24. g4 g5 25. fxg6 hxg6 26. Nd5 Kg7 27. Rdf1 Rh8 28.
Bd2 Qa6 29. Nxf6 Nxf6 30. Rxf6 Rdf8 31. Rxf8 Rxf8 32. Bh6+ Kxh6 33. Rxf8 Qxa2
34. Rf2 Qxb3 35. Qxb3 Nxb3 36. Kg2 Na5 37. Rc2 Kg5 38. Kg3 Kf6 39. h4 Nc6 40.
Rf2+ Kg7 41. g5 Na5 42. Rc2 Nb3 43. Kg4 a5 44. h5 gxh5+ 45. Kxh5 Kh7 46. Rb2
1-0

[Event "100 Jahre Schvgg Blankenese - Open 2023"]
[Site "Lise-Meitner-Gymnasium (HH)"]
[Date "2023.10.02"]
[Round "5.4"]
[White "Atri, Jamshid"]
[Black "Thomaschke, Dirk"]
[Result "1/2-1/2"]
[WhiteElo "1948"]
[BlackElo "2161"]
[PlyCount "116"]
[EventDate "2023.09.30"]
[EventType "swiss"]
[EventRounds "7"]
[WhiteTeam "Hamburger SK von 1830 eV"]
[BlackTeam "FC ST.Pauli 1910 eV SAbt"]

1. e4 e5 2. Nf3 Nc6 3. Bb5 a6 4. Ba4 Nf6 5. O-O Be7 6. Re1 b5 7. Bb3 d6 8. c3
O-O 9. h3 Nb8 10. d4 Nbd7 11. Nbd2 Bb7 12. Bc2 Re8 13. a4 Bf8 14. b4 g6 15. Bb2
exd4 16. cxd4 d5 17. e5 Nh5 18. Bc3 Nb6 19. a5 Nc4 20. Nb3 Nf4 21. Nc5 Bxc5 22.
bxc5 Qe7 23. Qc1 Ne6 24. Nh2 f5 25. Nf3 Rf8 26. Qh6 Qg7 27. Qxg7+ Kxg7 28. h4
h6 29. g3 Rad8 30. Ra2 Bc6 31. Rd1 Be8 32. Nh2 g5 33. hxg5 hxg5 34. Re1 Bg6 35.
Bb3 c6 36. f3 Rh8 37. Nf1 f4 38. Rh2 b4 39. Rxh8 Kxh8 40. Bxb4 Nxd4 41. Bd1 Kg8
42. gxf4 gxf4 43. Kf2 Rb8 44. Bc3 Ne6 45. Be2 Rb3 46. Rc1 Ra3 47. Nh2 Nxc5 48.
Ng4 Nd3+ 49. Bxd3 Bxd3 50. e6 Ra2+ 51. Kg1 Re2 52. Nf6+ Kf8 53. Nd7+ Ke8 54.
Nc5 Bf5 55. Kf1 Rh2 56. Kg1 Re2 57. Kf1 Rh2 58. Kg1 Re2 1/2-1/2

[Event "100 Jahre Schvgg Blankenese - Open 2023"]
[Site "Lise-Meitner-Gymnasium (HH)"]
[Date "2023.10.02"]
[Round "5.5"]
[White "Brendel, Oliver"]
[Black "Rolf, Marco"]
[Result "1-0"]
[WhiteElo "2280"]
[BlackElo "2045"]
[PlyCount "55"]
[EventDate "2023.09.30"]
[EventType "swiss"]
[EventRounds "7"]
[WhiteTeam "SV 1920 Hofheim"]
[BlackTeam "SK 1980 Gernsheim"]

1. c4 e5 2. g3 Nc6 3. Nc3 f5 4. Nf3 Nf6 5. d4 e4 6. Nh4 d5 7. Bg5 Be7 8. e3 Be6
9. Bxf6 Bxf6 10. cxd5 Bxd5 11. Nxf5 Qd7 12. Nxd5 Qxd5 13. Qh5+ Qf7 14. Qxf7+
Kxf7 15. Bc4+ Kf8 16. Bd5 g6 17. Nh6 Re8 18. Bxc6 bxc6 19. Rc1 Re6 20. Ke2 Bg7
21. Ng4 h5 22. Ne5 Bxe5 23. dxe5 Ke7 24. Rc4 Rb8 25. b3 Rxe5 26. Rxc6 Ra5 27.
Rxc7+ Kd6 28. Rc2 1-0

[Event "100 Jahre Schvgg Blankenese - Open 2023"]
[Site "Lise-Meitner-Gymnasium (HH)"]
[Date "2023.10.02"]
[Round "5.6"]
[White "Kotyk, Michael"]
[Black "König, Friedrich Theodor"]
[Result "1-0"]
[WhiteElo "2225"]
[BlackElo "1990"]
[PlyCount "59"]
[EventDate "2023.09.30"]
[EventType "swiss"]
[EventRounds "7"]
[WhiteTeam "Hamburger SK von 1830 eV"]
[BlackTeam "Schachklub Uetersen von 1947 e."]

1. d4 Nf6 2. c4 e6 3. Nc3 Bb4 4. e3 O-O 5. Bd2 d5 6. Nf3 b6 7. cxd5 exd5 8. Rc1
Be7 9. Bd3 Bb7 10. O-O Nbd7 11. Ne5 c5 12. f4 Ne4 13. Be1 Ndf6 14. Qf3 Nxc3 15.
Bxc3 Ne4 16. dxc5 bxc5 17. Bxe4 dxe4 18. Qg3 f6 19. Rfd1 Qe8 20. Nd7 Rf7 21.
Qh3 Bf8 22. Nxf8 Qxf8 23. Qf5 Ba6 24. Qxe4 Re8 25. Qa4 Bb7 26. Re1 Rfe7 27.
Qc4+ Kh8 28. Qxc5 Qf7 29. Bd4 Qg6 30. Re2 1-0

[Event "100 Jahre Schvgg Blankenese - Open 2023"]
[Site "Lise-Meitner-Gymnasium (HH)"]
[Date "2023.10.02"]
[Round "5.7"]
[White "Popvasilev, Kaloyan"]
[Black "Braeutigam, Alexander"]
[Result "1-0"]
[WhiteElo "2221"]
[BlackElo "2006"]
[PlyCount "67"]
[EventDate "2023.09.30"]
[EventType "swiss"]
[EventRounds "7"]
[WhiteTeam "SV Bargteheide"]
[BlackTeam "SK Doppelbauer Kiel von 1910 e.V"]

1. e4 c5 2. Nc3 d6 3. d4 cxd4 4. Qxd4 Nc6 5. Qd2 Nf6 6. b3 g6 7. Bb2 Bg7 8.
O-O-O O-O 9. f3 Bd7 10. Kb1 a6 11. h4 b5 12. h5 Nxh5 13. Nge2 Ne5 14. Nd5 e6
15. Ne3 Qg5 16. Qxd6 Bc6 17. Rxh5 Qxh5 18. f4 Bxe4 19. Bxe5 Bxe5 20. Qxe5 Qxe5
21. fxe5 Rfd8 22. Nd4 h5 23. Kb2 Rd7 24. b4 Rad8 25. c3 f5 26. Re1 Kf7 27. a4
bxa4 28. Bxa6 f4 29. Rf1 g5 30. g3 Rb8 31. Bc4 a3+ 32. Kxa3 Ra8+ 33. Kb2 Rda7
34. gxf4 1-0

[Event "100 Jahre Schvgg Blankenese - Open 2023"]
[Site "Lise-Meitner-Gymnasium (HH)"]
[Date "2023.10.02"]
[Round "5.8"]
[White "Hovhannisyan, Artur"]
[Black "Oest, Thorsten"]
[Result "1-0"]
[WhiteElo "2215"]
[BlackElo "1984"]
[PlyCount "61"]
[EventDate "2023.09.30"]
[EventType "swiss"]
[EventRounds "7"]
[WhiteTeam "SK Norderstedt von 1975"]
[BlackTeam "SAbt MTV Salzhausen"]

1. e4 c5 2. Nc3 d6 3. g3 e5 4. Bg2 g6 5. Nge2 Bg7 6. O-O Ne7 7. d3 O-O 8. Be3
Nbc6 9. Qd2 Nd4 10. Rac1 Rb8 11. Bh6 b5 12. Bxg7 Kxg7 13. Nxd4 cxd4 14. Ne2 b4
15. c3 bxc3 16. bxc3 Qa5 17. Rfd1 dxc3 18. Rxc3 Ba6 19. Bf3 Rb7 20. Nc1 Rc7 21.
Rxc7 Qxc7 22. Nb3 Rc8 23. Bg4 Rf8 24. d4 f5 25. dxe5 dxe5 26. exf5 Nxf5 27. Rc1
Qb6 28. Qd5 Ne7 29. Qxe5+ Kh6 30. Nd4 Qf6 31. Qe3+ 1-0

[Event "100 Jahre Schvgg Blankenese - Open 2023"]
[Site "Lise-Meitner-Gymnasium (HH)"]
[Date "2023.10.02"]
[Round "5.9"]
[White "Hebbinghaus, Holger"]
[Black "Goldmann, David"]
[Result "1/2-1/2"]
[WhiteElo "2179"]
[BlackElo "1970"]
[PlyCount "38"]
[EventDate "2023.09.30"]
[EventType "swiss"]
[EventRounds "7"]
[WhiteTeam "SK Doppelbauer Kiel von 1910 e.V"]
[BlackTeam "Hamburger SK von 1830 eV"]

1. Nf3 d5 2. c4 c6 3. g3 g6 4. Bg2 Bg7 5. O-O e5 6. d3 dxc4 7. dxc4 Qxd1 8.
Rxd1 Be6 9. Na3 h6 10. b3 Nd7 11. Bb2 Ne7 12. Rd2 O-O-O 13. Rad1 g5 14. Nb1 Ng6
15. Ne1 Bf5 16. Nc3 Nf6 17. Rxd8+ Rxd8 18. Rxd8+ Kxd8 19. Nf3 Kc7 1/2-1/2

[Event "100 Jahre Schvgg Blankenese - Open 2023"]
[Site "Lise-Meitner-Gymnasium (HH)"]
[Date "2023.10.02"]
[Round "5.10"]
[White "He, Saiqi"]
[Black "Helmer, Jan"]
[Result "0-1"]
[WhiteElo "1460"]
[BlackElo "2152"]
[PlyCount "126"]
[EventDate "2023.09.30"]
[EventType "swiss"]
[EventRounds "7"]
[WhiteTeam "SchVgg Blankenese von 1923 e.V."]
[BlackTeam "Hamelner SV"]

1. e4 c5 2. Nc3 Nc6 3. f4 g6 4. Bc4 Bg7 5. d3 d6 6. Nf3 e6 7. O-O Nge7 8. Qe1
Nd4 9. Nxd4 cxd4 10. Ne2 O-O 11. b4 d5 12. exd5 Nxd5 13. a3 Qd6 14. Bxd5 Qxd5
15. Bb2 b6 16. Qf2 Rd8 17. Rac1 Bb7 18. Ng3 Rac8 19. Ne4 Qa2 20. Rb1 Bxe4 21.
dxe4 d3 22. cxd3 Rxd3 23. Bxg7 Qxf2+ 24. Rxf2 Kxg7 25. Rf3 Rxf3 26. gxf3 Rc3
27. Kf2 Rxa3 28. Kg3 Ra4 29. Rb3 b5 30. h4 h5 31. Kg2 Kf6 32. Kf2 e5 33. Ke3
exf4+ 34. Kxf4 Kg7 35. Ke5 Ra1 36. f4 f6+ 37. Ke6 Rf1 38. f5 Re1 39. fxg6 Rxe4+
40. Kf5 Re5+ 41. Kf4 Kxg6 42. Rg3+ Kf7 43. Ra3 Re1 44. Rxa7+ Kg6 45. Rb7 Rg1
46. Rxb5 Rg4+ 47. Kf3 Rxh4 48. Rb7 Kg5 49. Rg7+ Kf5 50. b5 Rh3+ 51. Kg2 Rb3 52.
Rh7 Kg6 53. Rb7 Kf5 54. Rh7 Kg4 55. Rg7+ Kf4 56. Rf7 f5 57. Rb7 Rb2+ 58. Kg1
Kf3 59. b6 f4 60. Rb8 Rb1+ 61. Kh2 Kf2 62. b7 f3 63. Kh3 Rh1# 0-1

[Event "100 Jahre Schvgg Blankenese - Open 2023"]
[Site "Lise-Meitner-Gymnasium (HH)"]
[Date "2023.10.02"]
[Round "5.11"]
[White "Helms, Finn"]
[Black "Stiller, Maximilian"]
[Result "1/2-1/2"]
[WhiteElo "2065"]
[BlackElo "1715"]
[PlyCount "61"]
[EventDate "2023.09.30"]
[EventType "swiss"]
[EventRounds "7"]
[WhiteTeam "SAbt SV Werder Bremen"]
[BlackTeam "Hagener SV"]

1. e4 c6 2. d4 d5 3. e5 Bf5 4. Nd2 e6 5. Nb3 c5 6. dxc5 Bxc5 7. Nxc5 Qa5+ 8. c3
Qxc5 9. Nf3 Nd7 10. Nd4 Ne7 11. Be3 Qc7 12. f4 a6 13. Be2 O-O 14. O-O Rac8 15.
Qb3 b5 16. Qa3 Nc5 17. Nb3 Na4 18. Rfc1 Bg6 19. Nd4 Nf5 20. Nxf5 Bxf5 21. Bd4
Nc5 22. Qxc5 Qxc5 23. Bxc5 Rxc5 24. a4 Rfc8 25. axb5 axb5 26. b4 R5c7 27. Bxb5
h6 28. Ba6 Rb8 29. b5 Rb6 30. Ra4 Bd3 31. Rb4 1/2-1/2

[Event "100 Jahre Schvgg Blankenese - Open 2023"]
[Site "Lise-Meitner-Gymnasium (HH)"]
[Date "2023.10.02"]
[Round "5.12"]
[White "Spät, Alexander"]
[Black "Keyser, Robin"]
[Result "1-0"]
[WhiteElo "1978"]
[BlackElo "2191"]
[PlyCount "119"]
[EventDate "2023.09.30"]
[EventType "swiss"]
[EventRounds "7"]
[WhiteTeam "SC Sternschanze von 1911 e.V."]
[BlackTeam "SK Johanneum Eppendorf"]

1. e4 c6 2. d4 d5 3. exd5 cxd5 4. Bd3 Nc6 5. c3 g6 6. Bf4 Bg7 7. Nf3 Nh6 8. Qc1
Nf5 9. O-O O-O 10. Re1 Re8 11. Nbd2 f6 12. Bb5 Nd6 13. Bxc6 bxc6 14. Re2 Ba6
15. Re6 Qd7 16. Re3 Nf5 17. Re1 g5 18. Bg3 h5 19. Nb3 Bc8 20. Nc5 Qd8 21. Nxg5
fxg5 22. Qxg5 Nxg3 23. fxg3 e5 24. Rxe5 Qxg5 25. Rxg5 Be6 26. Rxh5 {mit
Remis-Angebot.} Bf6 27. Rf1 Kg7 28. Rh6 Kxh6 29. Rxf6+ Kg7 30. Rxe6 Rxe6 31.
Nxe6+ Kf6 32. Nf4 Kf5 33. Kf2 Rh8 34. h3 Ke4 35. Ke2 Rg8 36. Nh5 Rb8 37. b3 Kf5
38. Nf4 Re8+ 39. Kf3 Re1 40. g4+ Kg5 41. Nd3 Ra1 42. g3 Rf1+ 43. Nf2 Rc1 44.
h4+ Kg6 45. g5 Rf1 46. g4 a5 47. Kg3 Rc1 48. Kf4 Rf1 49. h5+ Kg7 50. Ke3 Re1+
51. Kf4 Rf1 52. Kg3 Rc1 53. g6 Rxc3+ 54. Kf4 c5 55. dxc5 Rxc5 56. Nd3 Rc3 57.
Ne5 Rc5 58. g5 d4 59. h6+ Kg8 60. h7+ 1-0

[Event "100 Jahre Schvgg Blankenese - Open 2023"]
[Site "Lise-Meitner-Gymnasium (HH)"]
[Date "2023.10.02"]
[Round "5.13"]
[White "Lau, Felix"]
[Black "Bracker, Frank"]
[Result "0-1"]
[WhiteElo "1857"]
[BlackElo "2278"]
[PlyCount "90"]
[EventDate "2023.09.30"]
[EventType "swiss"]
[EventRounds "7"]
[WhiteTeam "SchVgg Blankenese von 1923 e.V."]
[BlackTeam "Hamburger SK von 1830 eV"]

1. e4 c5 2. Be2 Nc6 3. d3 e6 4. f4 d5 5. Nf3 Bd6 6. O-O f6 7. c3 Nge7 8. a4 O-O
9. Be3 b6 10. Nbd2 Bb7 11. Qc2 Rc8 12. d4 dxe4 13. Nxe4 Nd5 14. Nxd6 Qxd6 15.
Qd2 Nxe3 16. Qxe3 cxd4 17. Nxd4 Nxd4 18. cxd4 Rfd8 19. Rfd1 Rc2 20. f5 exf5 21.
Bf3 Bd5 22. Qd3 Rxb2 23. Qxf5 Bxf3 24. Qxf3 Qd5 25. Rac1 Qxf3 26. gxf3 Rd5 27.
Rc7 Rg5+ 28. Kh1 Rh5 29. Rd3 Rhxh2+ 30. Kg1 Rbg2+ 31. Kf1 Rf2+ 32. Kg1 Rfg2+
33. Kf1 Ra2 34. Kg1 Rhg2+ 35. Kf1 Rgf2+ 36. Kg1 Rfb2 37. Rd1 Rd2 38. Rxd2 Rxd2
39. Rd7 a5 40. d5 h5 41. d6 h4 42. Rd8+ Kf7 43. d7 g5 44. Rb8 Rxd7 45. Rxb6 Rd4
0-1

[Event "100 Jahre Schvgg Blankenese - Open 2023"]
[Site "Lise-Meitner-Gymnasium (HH)"]
[Date "2023.10.02"]
[Round "5.14"]
[White "Topalov, Mihail"]
[Black "Kahlert, Thomas"]
[Result "0-1"]
[WhiteElo "1853"]
[BlackElo "2111"]
[PlyCount "68"]
[EventDate "2023.09.30"]
[EventType "swiss"]
[EventRounds "7"]
[WhiteTeam "SK Johanneum Eppendorf"]
[BlackTeam "FC ST.Pauli 1910 eV SAbt"]

1. e4 e5 2. Nf3 Nc6 3. Bb5 a6 4. Ba4 Nf6 5. O-O Be7 6. Re1 b5 7. Bb3 d6 8. c3
O-O 9. d3 Na5 10. Bc2 c5 11. Nbd2 Nc6 12. Nf1 h6 13. Ng3 Re8 14. a4 Be6 15. h3
Bf8 16. Be3 d5 17. exd5 Bxd5 18. Ne4 Nxe4 19. dxe4 Be6 20. Bd3 c4 21. Bc2 Qc7
22. Qe2 b4 23. cxb4 Bxb4 24. Bd2 Rab8 25. Reb1 Nd4 26. Nxd4 exd4 27. Qe1 a5 28.
Qc1 Qc5 29. Bd1 Bxd2 30. Qxd2 Rb4 31. Ra3 c3 32. Qc2 Rxb2 33. Rxb2 Qxa3 34. Rb5
Bc4 0-1

[Event "100 Jahre Schvgg Blankenese - Open 2023"]
[Site "Lise-Meitner-Gymnasium (HH)"]
[Date "2023.10.02"]
[Round "5.15"]
[White "Lehmkuhl, Stefan"]
[Black "Porth, Hartmut"]
[Result "1/2-1/2"]
[WhiteElo "1811"]
[BlackElo "2028"]
[PlyCount "31"]
[EventDate "2023.09.30"]
[EventType "swiss"]
[EventRounds "7"]
[WhiteTeam "SF Buxtehude"]
[BlackTeam "SV Bargteheide"]

1. d4 d5 2. c4 Nc6 3. cxd5 Qxd5 4. e3 e5 5. Nc3 Bb4 6. Bd2 Bxc3 7. bxc3 Qd6 8.
Bd3 Nf6 9. Ne2 O-O 10. Ng3 Re8 11. O-O e4 12. Be2 g6 13. Rb1 h5 14. f3 exf3 15.
Bxf3 h4 16. Ne2 1/2-1/2

[Event "100 Jahre Schvgg Blankenese - Open 2023"]
[Site "Lise-Meitner-Gymnasium (HH)"]
[Date "2023.10.02"]
[Round "5.16"]
[White "Genov, Valentin"]
[Black "Urban, Ralf-Dieter"]
[Result "0-1"]
[WhiteElo "1830"]
[BlackElo "1998"]
[PlyCount "128"]
[EventDate "2023.09.30"]
[EventType "swiss"]
[EventRounds "7"]
[WhiteTeam "SK Kirchweyhe 1947"]
[BlackTeam "SK Union Eimsbuettel eV"]

1. d4 Nf6 2. c4 e6 3. Nc3 Bb4 4. f3 d5 5. a3 Bxc3+ 6. bxc3 c5 7. cxd5 exd5 8.
e3 Nc6 9. Bd3 O-O 10. Ne2 b6 11. O-O Bb7 12. Ng3 Re8 13. Ra2 Qc7 14. Raf2 Rad8
15. Re1 g6 16. Bb2 h5 17. Qc1 c4 18. Bb1 Kg7 19. e4 Bc8 20. e5 Nh7 21. f4 h4
22. Nf1 f5 23. Re3 Rh8 24. Rh3 Nf8 25. Qe1 Ne6 26. Ne3 Ne7 27. Rf1 b5 28. Rxh4
a5 29. Rf3 Rxh4 30. Qxh4 Rh8 31. Qf6+ Kg8 32. Bxf5 Nxf5 33. Qxg6+ Neg7 34. Nxd5
Qb7 35. Nf6+ Kf8 36. Nh7+ Kg8 37. Rh3 Rxh7 38. Qxh7+ Kf7 39. Rf3 Qe4 40. Bc1
Qe1+ 41. Rf1 Qxc3 42. d5 {mit Remisangebot} Qd4+ 43. Kh1 Qxd5 44. Qh3 Bb7 45.
Qf3 Qxf3 46. gxf3 b4 47. axb4 axb4 48. Kg1 Nd4 49. Kf2 Ngf5 50. Rd1 c3 51. h4
Bxf3 52. e6+ Kxe6 53. Re1+ Kd5 54. Re8 {mit Remis-Angebot} Kc4 55. Rc8+ Kd3 56.
Rb8 b3 57. Ba3 Bc6 58. Rg8 Nb5 59. Bc1 b2 60. Bxb2 cxb2 61. Rg1 Nc3 62. h5 Kd2
63. h6 Nxh6 64. Kg3 Ne2+ 0-1

[Event "100 Jahre Schvgg Blankenese - Open 2023"]
[Site "Lise-Meitner-Gymnasium (HH)"]
[Date "2023.10.02"]
[Round "5.17"]
[White "Schulze, Tim"]
[Black "Wennmann, Thorsten"]
[Result "0-1"]
[WhiteElo "1718"]
[BlackElo "1937"]
[PlyCount "82"]
[EventDate "2023.09.30"]
[EventType "swiss"]
[EventRounds "7"]
[WhiteTeam "SC Turm Lüneburg e.V."]
[BlackTeam "SchVgg Blankenese von 1923 e.V."]

1. Nf3 d5 2. g3 c6 3. Bg2 Nf6 4. O-O Bf5 5. c4 dxc4 6. Na3 e6 7. Nxc4 Be7 8.
Qb3 Qc8 9. Na5 b6 10. Nc4 O-O 11. d3 Nbd7 12. Nh4 Bg4 13. Qc2 e5 14. Ne3 Bc5
15. Nxg4 Nxg4 16. h3 Ngf6 17. Be3 Bxe3 18. fxe3 e4 19. d4 Re8 20. Rac1 Qa6 21.
Nf5 Re6 22. b4 g6 23. d5 cxd5 24. Nd4 Ree8 25. Nc6 b5 26. Qb2 Re6 27. Nd4 Rd6
28. Rc7 Ne8 29. Rc3 Nb6 30. Qb3 Nc4 31. Rf4 Qb6 32. a4 bxa4 33. Qxa4 Rb8 34. b5
Ne5 35. Qc2 a6 36. Rc6 Nxc6 37. bxc6 Qb1+ 38. Qxb1 Rxb1+ 39. Kf2 Nc7 40. Bxe4
dxe4 41. Rxe4 Kf8 0-1

[Event "100 Jahre Schvgg Blankenese - Open 2023"]
[Site "Lise-Meitner-Gymnasium (HH)"]
[Date "2023.10.02"]
[Round "5.18"]
[White "Piepenhagen, Eric"]
[Black "Strohschän, Michel"]
[Result "1-0"]
[WhiteElo "1913"]
[BlackElo "1694"]
[PlyCount "67"]
[EventDate "2023.09.30"]
[EventType "swiss"]
[EventRounds "7"]
[WhiteTeam "Niendorfer TSV 1919 SAbt"]
[BlackTeam "HSK Lister Turm"]

1. e4 c6 2. d4 d5 3. Nd2 dxe4 4. Nxe4 Nf6 5. Nxf6+ exf6 6. c3 Bd6 7. Bd3 O-O 8.
Ne2 Re8 9. O-O Nd7 10. Bf4 Nf8 11. Qd2 Qc7 12. Bxd6 Qxd6 13. Ng3 Be6 14. b3
Rad8 15. Rad1 Ng6 16. f4 Bg4 17. Rc1 Bd7 18. f5 Ne7 19. Rf3 Kh8 20. Ne4 Qd5 21.
Ng3 b5 22. Qf4 Bc8 23. Rcf1 Ng8 24. Nh5 Qd6 25. Qh4 b4 26. cxb4 Qxd4+ 27. Qxd4
Rxd4 28. Bc4 Re7 29. Rg3 g6 30. fxg6 hxg6 31. Nxf6 Bf5 32. Nxg8 Kxg8 33. Rxf5
Kg7 34. Rf1 1-0

[Event "100 Jahre Schvgg Blankenese - Open 2023"]
[Site "Lise-Meitner-Gymnasium (HH)"]
[Date "2023.10.02"]
[Round "5.20"]
[White "Neller, Christian"]
[Black "Steinbrenner, Jürg"]
[Result "0-1"]
[WhiteElo "1757"]
[BlackElo "1948"]
[PlyCount "48"]
[EventDate "2023.09.30"]
[EventType "swiss"]
[EventRounds "7"]
[WhiteTeam "SF Wedel"]
[BlackTeam "FC ST.Pauli 1910 eV SAbt"]

1. d4 d5 2. c4 e5 3. dxe5 d4 4. Nf3 Nc6 5. a3 Nge7 6. e3 Bg4 7. Be2 dxe3 8.
Bxe3 Qxd1+ 9. Bxd1 Ng6 10. Nc3 Na5 11. Nb5 O-O-O 12. Nxa7+ Kb8 13. Nb5 Nxc4 14.
Ba7+ Ka8 15. Bd4 c6 16. Nd6 Bxd6 17. exd6 Rhe8+ 18. Kf1 Rxd6 19. Bc3 Bxf3 20.
gxf3 Nf4 21. Rg1 Nd2+ 22. Bxd2 Rxd2 23. Rg4 Nd3 24. Rg2 Re1# 0-1

[Event "100 Jahre Schvgg Blankenese - Open 2023"]
[Site "Lise-Meitner-Gymnasium (HH)"]
[Date "2023.10.02"]
[Round "5.21"]
[White "Loayza, Ignacio"]
[Black "Eichstädt, Enrico"]
[Result "1/2-1/2"]
[WhiteElo "1666"]
[BlackElo "1916"]
[PlyCount "123"]
[EventDate "2023.09.30"]
[EventType "swiss"]
[EventRounds "7"]
[WhiteTeam "USG Chemnitz"]
[BlackTeam "SK Norderstedt von 1975"]

1. d4 Nf6 2. c4 c5 3. e3 g6 4. Nf3 Bg7 5. Nc3 O-O 6. h3 cxd4 7. exd4 d5 8. Bd3
Nc6 9. Be3 Nb4 10. Be2 Bf5 11. g4 Nc2+ 12. Kf1 Be4 13. Nxe4 Nxe3+ 14. fxe3 Nxe4
15. Rg1 Bh6 16. g5 Bg7 17. Bd3 Qd7 18. cxd5 Qxd5 19. Qb3 Qxb3 20. axb3 Nd6 21.
Ke2 Rfc8 22. Rgc1 Rxc1 23. Rxc1 Rc8 24. Ra1 a6 25. Kd2 Kf8 26. Rc1 Rxc1 27.
Kxc1 Ke8 28. Kc2 Kd7 29. Kc3 Kc6 30. e4 Nb5+ 31. Kc4 Nc7 32. e5 b5+ 33. Kb4 Kb6
34. Be4 e6 35. Ne1 Bf8+ 36. Kc3 a5 37. Nc2 Na6 38. h4 h6 39. Bf3 Nc7 40. Be4
hxg5 41. hxg5 Be7 42. Ne1 Bxg5 43. Nf3 Be7 44. Kd3 Nd5 45. Bxd5 exd5 46. Ke3
Kc6 47. Kf4 Kd7 48. Kg4 Ke6 49. Kf4 f6 50. exf6 Kxf6 51. Kg4 Bd6 52. Ng5 Bc7
53. Nf3 Bb6 54. Kf4 a4 55. bxa4 bxa4 56. Kg4 Bc7 57. Ng5 Ba5 58. Nf3 g5 59. Ne5
Bd2 60. Nd7+ Ke6 61. Nc5+ Kd6 62. Nxa4 1/2-1/2

[Event "100 Jahre Schvgg Blankenese - Open 2023"]
[Site "Lise-Meitner-Gymnasium (HH)"]
[Date "2023.10.02"]
[Round "5.22"]
[White "Thomas, Jeremy"]
[Black "Haertel, Leon"]
[Result "1/2-1/2"]
[WhiteElo "1879"]
[BlackElo "1477"]
[PlyCount "106"]
[EventDate "2023.09.30"]
[EventType "swiss"]
[EventRounds "7"]
[WhiteTeam "Blau-Weiss Buchholz"]
[BlackTeam "Hamburger SK von 1830 eV"]

1. e4 c5 2. Nf3 Nc6 3. d4 cxd4 4. Nxd4 g6 5. Nc3 Bg7 6. Be3 Nf6 7. Bc4 Qa5 8.
O-O d6 9. f3 O-O 10. Bb3 a6 11. Qd2 Nd7 12. Rfd1 Nc5 13. Nd5 Qxd2 14. Rxd2 Bxd4
15. Bxd4 Nxb3 16. axb3 Be6 17. Bc3 Rac8 18. Kf2 Rfe8 19. g4 Ne5 20. Bxe5 dxe5
21. c3 f6 22. b4 Bxd5 23. Rxd5 Red8 24. Rad1 Rxd5 25. Rxd5 Rc7 26. b5 Kf7 27.
bxa6 bxa6 28. Ke3 Rb7 29. b4 Rc7 30. Kd3 Ke8 31. c4 Rd7 32. Kc3 Rxd5 33. exd5
Kd7 34. Kd3 Kc7 35. c5 f5 36. Ke3 Kb7 37. Kf2 Kc7 38. Kg3 h6 39. h4 h5 40. g5
Kd7 41. Kf2 Kc7 42. Ke3 Kd7 43. Kd3 Kc7 44. Kc4 Kd7 45. c6+ Kd6 46. b5 axb5+
47. Kxb5 Kc7 48. Kc5 Kd8 49. Kb6 Kc8 50. Kb5 Kc7 51. Kc5 Kd8 52. Kc4 Kc7 53.
Kb5 Kb8 1/2-1/2

[Event "100 Jahre Schvgg Blankenese - Open 2023"]
[Site "Lise-Meitner-Gymnasium (HH)"]
[Date "2023.10.02"]
[Round "5.23"]
[White "Reuter, Maximilian"]
[Black "Bürgener, Richard"]
[Result "1-0"]
[WhiteElo "1910"]
[BlackElo "1490"]
[PlyCount "43"]
[EventDate "2023.09.30"]
[EventType "swiss"]
[EventRounds "7"]
[WhiteTeam "SchVgg Blankenese von 1923 e.V."]
[BlackTeam "SV Bad Bevensen"]

1. d4 Nf6 2. Bf4 d5 3. e3 e6 4. Nf3 c6 5. Nbd2 b6 6. Ne5 Be7 7. Bd3 a5 8. Qe2
b5 9. a4 b4 10. O-O Qb6 11. c4 Ba6 12. Rfc1 O-O 13. Rc2 Nbd7 14. Bg5 Rfe8 15.
f4 h6 16. Bh4 Nxe5 17. fxe5 Ne4 18. Bxe7 b3 19. Bc5 Nxc5 20. dxc5 Qxc5 21. Nxb3
Qe7 22. Nd4 1-0